<?xml version="1.0" encoding="UTF-8"?>
<marc:record xmlns:marc="http://www.loc.gov/MARC21/slim">
   <marc:leader>00000nam a2200000 a 4500</marc:leader>
   <marc:datafield ind1="0" ind2="0" tag="245">
      <marc:subfield code="a">Das Rad der Zeit</marc:subfield>
   </marc:datafield>
   <marc:datafield ind1="0" ind2="0" tag="245">
      <marc:subfield code="c">Robert Jordan ; Brandon Sanderson</marc:subfield>
   </marc:datafield>
   <marc:datafield ind1=" " ind2="1" tag="264">
      <marc:subfield code="a">München</marc:subfield>
      <marc:subfield code="b">Piper</marc:subfield>
      <marc:subfield code="c">2005</marc:subfield>
   </marc:datafield>
   <marc:datafield ind1="1" ind2=" " tag="490">
      <marc:subfield code="a">Piper</marc:subfield>
      <marc:subfield code="v">8561 : Piper Fantasy</marc:subfield>
   </marc:datafield>
   <marc:datafield ind1="1" ind2=" " tag="520">
      <marc:subfield code="a">Angaben aus der Verlagsmeldung

Scheinangriff : Das Rad der Zeit 11 / von Robert Jordan

In vielen Ländern finden sich Unterstützer für Rand al'Thors Mission
zusammen, den Dunklen König in der Letzten Schlacht zu besiegen. Die
Aes Sedai schließen sich dem Heerführer Logain an, der einst als
falscher Drache zweifelhaften Ruhm erlangte. Und Brigitte, eine
Heldin aus ferner Vergangenheit, kommt den Frauen aus Rands Gefolge
zu Hilfe. Doch während abtrünnige Aiel den Staat Cairhien angreifen,
zieht ein geheimnisvoller Zirkus durch die Lande. Und die Verbündeten
des Dunklen Königs waren nur auf den richtigen Moment, um
loszuschlagen ...
</marc:subfield>
   </marc:datafield>
   <marc:datafield ind1=" " ind2=" " tag="020">
      <marc:subfield code="a">9783492285612</marc:subfield>
      <marc:subfield code="9">9783492285612</marc:subfield>
   </marc:datafield>
   <marc:datafield ind1=" " ind2=" " tag="020">
      <marc:subfield code="a">3492285619</marc:subfield>
      <marc:subfield code="9">3492285619</marc:subfield>
   </marc:datafield>
   <marc:datafield ind1=" " ind2=" " tag="041">
      <marc:subfield code="a">ger</marc:subfield>
   </marc:datafield>
   <marc:datafield ind1=" " ind2=" " tag="300">
      <marc:subfield code="a">477 S.</marc:subfield>
   </marc:datafield>
</marc:record>
